JetPunk Music Clip Quiz #3 - 1990's - Statistics

General Stats
  • This quiz has been taken 130 times
    122 since last reset
  • The average score is 24 of 42
Answer Stats
Interval Song % Correct
00:00 - 00:10 I Will Always Love You
94%
01:30 - 01:40 Gangsta's Paradise
90%
02:20 - 02:30 Barbie Girl
89%
02:40 - 02:50 Livin' La Vida Loca
86%
03:40 - 03:50 Smells Like Teen Spirit
85%
03:50 - 04:00 Wannabe
81%
04:10 - 04:20 ...Baby One More Time
80%
05:30 - 05:40 Bitter Sweet Symphony
78%
06:50 - 07:00 Believe
75%
02:00 - 02:10 Enter Sandman
74%
00:40 - 00:50 Killing Me Softly
74%
03:20 - 03:30 Everybody Hurts
73%
04:50 - 05:00 Californication
72%
05:20 - 05:30 Friday I'm In Love
71%
00:30 - 00:40 Iris
71%
05:10 - 05:20 Good Riddance (Time of Your Life)
70%
04:20 - 04:30 Ironic
68%
03:00 - 03:10 Song 2
67%
00:20 - 00:30 Don't Speak
65%
00:10 - 00:20 Vogue
65%
01:40 - 01:50 Tubthumping
64%
02:10 - 02:20 Champagne Supernova
63%
03:30 - 03:40 Linger
62%
01:20 - 01:30 All The Small Things
60%
06:10 - 06:20 Black Hole Sun
57%
04:30 - 04:40 Smooth
53%
02:50 - 03:00 Still D.R.E.
49%
02:30 - 02:40 My Name Is
47%
00:50 - 01:00 Lovefool
46%
04:40 - 04:50 Alive
41%
06:20 - 06:30 Another Day In Paradise
41%
05:50 - 06:00 Fantasy
36%
01:50 - 02:00 Karma Police
36%
05:40 - 05:50 Say My Name
35%
05:00 - 05:10 Hypnotize
34%
03:10 - 03:20 1979
33%
06:40 - 06:50 Alright
31%
04:00 - 04:10 Semi-Charmed Life
31%
01:10 - 01:20 Walkin' On The Sun
27%
01:00 - 01:10 Man In the Box
25%
06:00 - 06:10 Children
20%
06:30 - 06:40 The Rhythm of the Night
18%
No matching quizzes found
Score Distribution
Percent of People with Each Score
Percentile by Number Answered
Your Score History
You have not taken this quiz since the last reset